El pensamiento crítico en demografía /

Enregistré dans:
Détails bibliographiques
Auteur principal: Vieira Pinto, Alvaro (autor)
Format: Livre
Langue:espagnol
Publié: Santiago, Chile : Centro Latinoamericano de Demografía, 1973
Sujets:
Tags: Ajouter un tag
Pas de tags, Soyez le premier à ajouter un tag!

MARC

LEADER 00000nam^a2200000^a^4500
001 000004453
005 20250521000000.0
009 20260310083306.216
037 |a Acervo ITESO - Biblioteca 
041 |a ESP 
082 |a 304. 6  |b VIE 
100 |a Vieira Pinto, Alvaro  |e (autor) 
245 1 3 |a El pensamiento crítico en demografía /  |c A. Vieira Pinto. 
264 1 |a Santiago, Chile :  |b Centro Latinoamericano de Demografía,  |c 1973 
300 |a 454 p. 
336 |a texto  |b txt  |2 rdacontenido 
337 |a sin mediación  |b n  |2 rdamedio 
338 |a volumen  |b nc  |2 rdasoporte 
649 |a XX 
650 |a Demografía -  |x Historia y Crítica 
650 |a Sociología 
910 |a Fondo General 
920 |a Impresos - Libros 
930 |a Colección General 
905 |a 101 
901 |a 0044530100  |b IT1  |c ACC  |i 004453  |u 20250521 
902 |a https://opac.biblio.iteso.mx/vufind/Record/000004453